LEADER 05176nam 2200577 450 001 9910404223603321 005 20220115103025.5 010 $a958-5498-16-2 035 $a(CKB)4920000000253167 035 $a(MiAaPQ)EBC6770002 035 $a(Au-PeEL)EBL6770002 035 $a(EXLCZ)994920000000253167 100 $a20211230d2018 uy 0 101 0 $aspa 135 $aurcnu|||||||| 181 $ctxt$2rdacontent 182 $cc$2rdamedia 183 $acr$2rdacarrier 200 13$aLa Poli?tica Pu?blica de Ruralidad de Bogota? D.C. implementacio?n de una poli?tica ambiental en el marco del desarrollo humano /$fEsti?baliz Aguilar Galeano, Julia?n Francisco Figueroa Espinel 210 1$aColombia :$cEditorial Uniagustiniana,$d2018. 215 $a1 online resource (181 pages) 225 1 $aCiencias Sociales 300 $aIncluye anexos. 300 $aIncluye i?ndice. 300 $aTi?tulo bilingu?e: The Districts? Rural Public Policy of Bogota D.C. Implementation of an environmental policy under the human development framework. 311 $a958-5498-15-4 320 $aIncluye referencias bibliogra?ficas. 327 $aLA POLÍTICA PÚBLICA DISTRITAL DE RURALIDAD DE BOGOTÁ D.C., IMPLEMENTACIÓN DE (...) -- PÁGINA LEGAL -- CONTENIDO -- INTRODUCCIÓN -- CAPÍTULO 1. EL AMBIENTE EN EL ENFOQUE DE DESARROLLO (...) -- AMBIENTE Y DESARROLLO -- DESARROLLO HUMANO, UNA ALTERNATIVA -- DESARROLLO HUMANO, AMBIENTE Y SOSTENIBILIDAD -- EN CONTEXTO: RURALIDAD Y DESARROLLO HUMANO -- RURALIDAD Y AMBIENTE EN COLOMBIA Y EL DISTRITO (...) -- BREVE RECORRIDO HISTÓRICO-AMBIENTAL DEL CAMPO (...) -- LA SITUACIÓN AMBIENTAL ACTUAL DE LA RURALIDAD EN (...) -- DISTRITO CAPITAL, RURALIDAD Y POLÍTICA PÚBLICA -- CAPÍTULO 2. ANÁLISIS DE POLÍTICA PÚBLICA: ANTECEDENTES NACIONALES Y ASPECTOS (...) -- APROXIMACIÓN INVESTIGATIVA A LA IMPLEMENTACIÓN DE POLÍTICAS (...) -- ANÁLISIS DE POLÍTICAS PÚBLICAS AMBIENTALES EN (...) -- EL ENFOQUE DE DESARROLLO HUMANO EN EL ANÁLISIS DE POLÍTICAS PÚBLICAS EN (...) -- ASPECTOS METODOLÓGICOS -- EL OBJETO DE ESTUDIO: POLÍTICA PÚBLICA DISTRITAL DE (...) -- PROBLEMA Y OBJETIVOS A ANALIZAR EN TORNO A LA PPDR -- ANÁLISIS DESDE EL ESTUDIO DE CASO -- TIPO DE INVESTIGACIÓN -- SELECCIÓN DE LA INFORMACIÓN -- RECOLECCIÓN DE LA INFORMACIÓN -- ANÁLISIS DE LA INFORMACIÓN -- CAPÍTULO 3. EL DESARROLLO HUMANO EN LOS ASPECTOS AMBIENTALES DE LA POLÍTICA (...) -- LA PPDR EN LOS PLANES DE DESARROLLO DISTRITALES -- AGUA POTABLE Y SANEAMIENTO BÁSICO, CONDICIONES AMBIENTALES MÍNIMAS PARA EL (...) -- ACCESO AL AGUA POTABLE EN LA RURALIDAD -- PROMOCIÓN DE ENERGÍAS LIMPIAS ASEGURANDO LA OFERTA Y LA SOSTENIBILIDAD (...) -- RECURSOS NATURALES COMO BASE DEL DESARROLLO HUMANO (...) -- PROTECCIÓN DE LAS ÁREAS NATURALES PARA LA (...) -- GESTIÓN COMUNITARIA DE LA NATURALEZA COMO UN MEDIO (...) -- EMPODERAMIENTO Y DESARROLLO DE CAPACIDADES -- MEDIOS DE VIDA -- RECONVERSIÓN DE PRÁCTICAS -- VIDA SALUDABLE -- EDUCACIÓN Y CULTURA -- PARTICIPACIÓN DEMOCRÁTICA. 327 $aEL ORDENAMIENTO TERRITORIAL COMO INSTRUMENTO DE (...) -- RESOLUCIÓN DE LOS CONFLICTOS DEL USO DEL SUELO -- PLANTEAMIENTOS DE LA PPDR SIN IMPLEMENTACIÓN -- CAPÍTULO 4. ESTADO ACTUAL EN LA APLICACIÓN DE LA POLÍTICA PÚBLICA DISTRITAL DE (...) -- AVANCES Y RESTRICCIONES EN TÉRMINOS DE DESARROLLO HUMANO SOSTENIBLE EN LA (...) -- EMPODERAMIENTO Y EQUIDAD EN LA PROVISIÓN DE AGUA -- PROMOCIÓN DE ENERGÍA LIMPIA, TAREA PENDIENTE -- EQUIDAD INTERGENERACIONAL AL CONSERVAR ÁREAS (...) -- GESTIÓN COMUNITARIA DE LA NATURALEZA, PROMOCIÓN -- CONCRECIÓN DE UNA VISIÓN TERRITORIAL DE DESARROLLO (...) -- RESTRICCIONES AMBIENTALES AL DESARROLLO HUMANO -- CONCLUSIONES DEL ESTUDIO -- RECOMENDACIONES -- ANEXOS -- ANEXO 1. DOCUMENTOS OFICIALES ANALIZADOS PARA (...) -- ANEXO 2. PROGRAMAS, SUBPROGRAMAS Y PROYECTOS DE LA (...) -- ANEXO 3. ACCIONES IMPLEMENTADAS QUE RESPONDEN A LOS (...) -- ANEXO 4. ACCIONES IMPLEMENTADAS QUE RESPONDEN A LOS (...) -- ANEXO 5. ACCIONES IMPLEMENTADAS QUE RESPONDEN A LOS (...) -- ANEXO 6. ACCIONES IMPLEMENTADAS QUE RESPONDEN A LOS (...) -- LISTA DE ABREVIATURAS -- REFERENCIAS. 410 0$aCiencias Sociales. 606 $aEnvironmental policy$zBogota? (Colombia) 606 $aEnvironmental protection$zBogota? (Colombia) 606 $aDesarrollo humano$zBogota? (Colombia) 606 $aPoli?tica ambiental$zBogota? (Colombia) 606 $aProteccio?n del medio ambiente$zBogota? (Colombia) 608 $aLibros electronicos. 615 0$aEnvironmental policy 615 0$aEnvironmental protection 615 4$aDesarrollo humano 615 4$aPoli?tica ambiental 615 4$aProteccio?n del medio ambiente 676 $a363.7009861 700 $aAguilar$b Galeano, Estibaliz$01072257 702 $aBarthi$b Priy 702 $aFigueroa Espinel$b Julia?n Francisco 801 0$bFINmELB 801 1$bFINmELB 906 $aBOOK 912 $a9910404223603321 996 $aLa Poli?tica Pu?blica de Ruralidad de Bogota? D.C. implementacio?n de una poli?tica ambiental en el marco del desarrollo humano$92597280 997 $aUNINA LEADER 02625nam 2200541 450 001 9910821073803321 005 20240131194238.0 010 $a84-9116-796-X 035 $a(CKB)4340000000247715 035 $a(MiAaPQ)EBC5308382 035 $a(OCoLC)1105498729 035 $a(FINmELB)ELB116299 035 $aEBL7007176 035 $a(AU-PeEL)EBL7007176 035 $a(MiAaPQ)EBC7007176 035 $a(EXLCZ)994340000000247715 100 $a20190110d2017 uy 0 101 0 $aspa 135 $aurcnu|||||||| 181 $2rdacontent 182 $2rdamedia 183 $2rdacarrier 200 10$aAlfabetizacio?n media?tica, TIC y competencias digitales /$fAna Pe?rez Escoda 210 1$aBarcelona :$cEditorial UOC,$d2017. 215 $a1 online resource (146 pa?ginas) 225 1 $aMedia literacy= 300 $aDescription based upon print version of record. 311 $a84-9116-794-3 320 $aContiene bibliografi?a. 330 8 $aLa fugacidad que la sociedad de la información imprime a todos los ámbitos -también, y en especial, al educativo- dificulta la conceptualización de términos emergentes y todavía inestables, en el entorno digital contemporáneo como «alfabetización mediática», «TIC» y «competencias digitales», así como su inclusión en las políticas y evaluaciones educativas más significativas a escala internacional y nacional. Este libro facilita una aproximación sistematizada a este contexto, con un análisis en profundidad de las políticas (acciones y programas) y evaluaciones (indicadores de estudio) desarrolladas para el fomento e integración de la alfabetización mediática, las TIC y las competencias digitales. Se disecciona el modelo de la Unión Europea y también el impulsado desde UNESCO, IEA, OCDE y Estados Unidos para identificar, finalmente, la situación en España. Se trata de una radiografía indispensable para comprender y valorar el alcance del sistema educativo contemporáneo. 410 0$aMedia literacy=. 606 $aComputer literacy 606 $aCompetency-based education 606 $aAlfabetizacio?n informacional 606 $aEducacio?n 608 $aLibros electronicos. 615 0$aComputer literacy. 615 0$aCompetency-based education. 615 4$aAlfabetizacio?n informacional. 615 4$aEducacio?n. 676 $a004 700 $aPe?rez Escoda$b Ana$01692873 801 0$bFINmELB 801 1$bFINmELB 906 $aBOOK 912 $a9910821073803321 996 $aAlfabetizacio?n media?tica, TIC y competencias digitales$94070275 997 $aUNINA LEADER 01668nas 2200577 a 450 001 9910143697503321 005 20260218111022.0 035 $a(OCoLC)182580151 035 $a(CKB)1000000000532851 035 $a(CONSER) 2007255678 035 $a(DE-599)ZDB2380602-3 035 $a(DE-599)2380602-3 035 $a(EXLCZ)991000000000532851 100 $a20071129a20069999 sy 101 0 $aeng 135 $aur|||||||| 181 $ctxt$2rdacontent 182 $cc$2rdamedia 183 $acr$2rdacarrier 200 10$aWorld tariff profiles 210 $aGeneva $cWorld Trade Organization$d©2007- 300 $aChiefly tables. 606 $aInternational trade$vStatistics$vPeriodicals 606 $aTariff$vPeriodicals 606 $aZolltarif$2stw 606 $aWelt$2stw 606 $aTARIFFS$2unbist 606 $aTRADE STATISTICS$2unbist 606 $aSTATISTICAL DATA$2unbist 606 $aComerç internacional$2thub 606 $aTarifes$2thub 606 $aAranzels de duanes$2thub 608 $aEstadístiques$2thub 608 $aRevistes electròniques.$2thub 615 0$aInternational trade 615 0$aTariff 615 7$aZolltarif. 615 7$aWelt. 615 17$aTARIFFS. 615 17$aTRADE STATISTICS. 615 17$aSTATISTICAL DATA. 615 7$aComerç internacional 615 7$aTarifes 615 7$aAranzels de duanes 712 02$aWorld Trade Organization. 712 02$aUnited Nations Conference on Trade and Development. 712 02$aInternational Trade Centre UNCTAD/GATT. 906 $aJOURNAL 912 $a9910143697503321 996 $aWorld tariff profiles$92114941 997 $aUNINA